Aufgaben zur Erhöhung der Wirksamkeit von Wissenschaft und Technik
Gespeichert in:
| Format: | Buch |
|---|---|
| Sprache: | Deutsch |
| Veröffentlicht: |
Berlin
Hochschule für Ökonomie "Bruno Leuschner"
1985
|
| Ausgabe: | 1. Aufl. |
| Schriftenreihe: | Internationale Beiträge
|
| Tags: |
Keine Tags, Fügen Sie das erste Tag hinzu!
|
MARC
| LEADER | 00000nam a2200000 4500 | ||
|---|---|---|---|
| 001 | c033379 | ||
| 005 | 20221220081624.0 | ||
| 041 | 0 | |a ger | |
| 044 | |a DE | ||
| 245 | 1 | 0 | |a Aufgaben zur Erhöhung der Wirksamkeit von Wissenschaft und Technik |
| 250 | |a 1. Aufl. | ||
| 264 | 1 | |a Berlin |b Hochschule für Ökonomie "Bruno Leuschner" |c 1985 | |
| 300 | |a 43 s. | ||
| 490 | 1 | |a Internationale Beiträge | |
| 830 | 0 | |a Internationale Beiträge | |